| 000 | 00000nam 2200000zi 4500 |
| 001 | 9.886259 |
| 003 | CaOODSP |
| 005 | 20221107171352 |
| 006 | m o d f |
| 007 | cr cn||||||||| |
| 008 | 200423t20202020onca ob f000 0 eng d |
| 040 | |aCaOODSP|beng|erda|cCaOODSP |
| 043 | |an-cn---|aln----- |
| 045 | |ax5y1 |
| 086 | 1 |aFs70-5/2020-014E-PDF |
| 100 | 1 |aStenson, Garry B. |q(Garry Bruce), |d1954- |eauthor. |
| 245 | 10|aUpdated estimates of harp seal bycatch and total removals in the northwest Atlantic / |cGarry B. Stenson and Peter Upward. |
| 264 | 1|aOttawa ON : |bCanadian Science Advisory Secretariat (CSAS), |c2020. |
| 264 | 4|c©2020 |
| 300 | |a1 online resource (ii, 19 pages) : |bcolour illustrations. |
| 336 | |atext|btxt|2rdacontent |
| 337 | |acomputer|bc|2rdamedia |
| 338 | |aonline resource|bcr|2rdacarrier |
| 490 | 1 |aResearch document, |x1919-5044 ; |v2020/014 |
| 500 | |aIssued also in French under title: Estimations actualisées des prises accessoires et des prélèvements totaux de phoques du Groenland dans l'Atlantique Nord-Ouest. |
| 500 | |a"Newfoundland and Labrador Region." |
| 500 | |a"March 2020." |
| 504 | |aIncludes bibliographical references (pages 5-7). |
| 650 | 0|aHarp seal|zNorth Atlantic Ocean. |
| 650 | 0|aHarp seal|xMortality|zNorth Atlantic Ocean. |
| 650 | 0|aSealing|zNorth Atlantic Ocean. |
| 710 | 2 |aCanadian Science Advisory Secretariat. |
| 710 | 1 |aCanada. |bDepartment of Fisheries and Oceans. |bNewfoundland and Labrador Region. |
| 775 | 08|tEstimations actualisées des prises accessoires et des prélèvements totaux de phoques du Groenland dans l'Atlantique Nord-Ouest / |w(CaOODSP)9.886261 |
| 830 | #0|aResearch document (Canadian Science Advisory Secretariat)|v2020/014.|w(CaOODSP)9.507396 |
| 856 | 40|qPDF|s1,013 KB|uhttps://publications.gc.ca/collections/collection_2020/mpo-dfo/fs70-5/Fs70-5-2020-014-eng.pdf |